00701nam a22001937a 4500003001100000008004100011040003900052041000800091082001600099111008400115245002900199260005100228300003300279650004500312650003700357942000700394952009100401999001500492LK-CoMWRAF240624b |||||||| |||| 00| 0 eng d aLK-CoMWRAFdLK-CoMWRAFeLK-CoMWRAF aeng a305.42bWOM aNINTH NATIONAL CONVENTION ON WOMEN'S STUDIES c( Colombo,d 20-23rd March 2004) aSESSION III:bGovernance aColombo:b Centre for Women's Research, c2004 a25 p.bBibliography included a WOMEN'S STUDIES- Sri Lanka- Congresses  aWomen-Local governance-Sri Lanka cCP 00104070aMAINbMAINd2024-06-24l0o305.42 WOMpRAF5306r2024-06-24w2024-06-24yCP c4931d4931